2530-度会郡(三重県)の駅 - Statistics

General Stats
  • This quiz has been taken 5 times
  • The average score is 2 of 5
Answer Stats
Answer % Correct
田丸
100%
阿曽
40%
大内山
40%
伊勢柏崎
20%
梅ケ谷
20%
No matching quizzes found
Score Distribution
Percent of People with Each Score
Percentile by Number Answered
Your Score History
You have not taken this quiz